000 00893cam a2200265 a 4500
001 000004397
005 20200929151433.0
008 820423s1975 sp 001 f spa
020 _a8432505153
040 _aDO-SdBNP
_cCarP
_dDLC
041 1 7 _aspa
_hfre
_2Código de idioma MARC
082 _a823.914
_bT367d
100 1 _aTharaud, Jean,
_d1877-1952.
_912942
245 1 0 _aDingley :
_bel ilustre escritor /
_cJean y Jerome Tharaud; traducción, E. Díez Canedo.
260 _aMadrid :
_bDoncel,
_c1975.
300 _a144 p. ;
_c18 cm.
490 1 _aEl libro de Bolsillo Doncel
_vno. 60.
586 _aPremio Goncourt.
650 4 _aNovela inglesa
_91071
650 4 _aLiteratura inglesa
_9498
700 1 _aTharaud, Jerome,
_d1874-1953.
_912943
700 1 _aDíez Canedo, E.
_etr.
_912944
830 3 _aEl libro de Bolsillo Doncel ;
_vno. 60.
_98628
910 _aCatalogación por copia / LC
999 _c4206
_d4206